[Event "AUTO-OPEN-155"]
[Site "http://www.queenalice.com/game.php?id=31776"]
[Date "2005.10.5"]
[Round "1"]
[White "diego2907"]
[Black "McXas"]
[Result "1-0"]
[WhiteElo "1693"]
[BlackElo "1035"]

1. e4 e5 2. Bc4 Qh4 3. d3 Bb4+ 4. c3 Bc5 5. Nh3 Nf6 6. d4 exd4 7. cxd4 Bb6 8.
Nd2 Nc6 9. d5 Nd4 10. Nf3 Qxe4+ 11. Kf1 d6 12. Nxd4 Bxd4 13. Ng5 Qf5 14. Qxd4 c5
15. Qe3+ Kd7 16. Bb5+ Kc7 17. Nxf7 Rf8 18. Qe7+ Bd7 19. Qxd6+ Kc8 20. Qxf8+ Be8
21. Nd6+ Kc7 22. Qe7+ Kb6 23. Qxb7+ Ka5 24. Bd2# 1-0

[Event "AUTO-OPEN-155"]
[Site "http://www.queenalice.com/game.php?id=31777"]
[Date "2005.10.5"]
[Round "1"]
[White "McXas"]
[Black "Kritikos"]
[Result "0-1"]
[WhiteElo "1037"]
[BlackElo "1534"]

1. e4 c5 2. Nf3 Nc6 3. Nc3 e5 4. Bb5 a6 5. Ba4 b5 6. Bb3 c4 7. Bxc4 bxc4 8. d4
exd4 9. Nd5 Bb4+ 10. c3 dxc3 11. bxc3 Bc5 12. Bf4 Bb6 13. Rb1 Ba5 14. Nd4 Ra7
15. Nxc6 dxc6 16. Rb8 cxd5 17. exd5 Bxc3+ 18. Ke2 Re7+ 19. Kf3 Nf6 20. d6 Rd7
21. Qd3 cxd3 22. Rc1 Bb7+ 23. Ke3 Qxb8 24. Rxc3 Nd5+ 25. Kd4 Nxf4 26. g3 Qxd6+
27. Kc4 Rc7+ 28. Kb3 Qb6+ 29. Ka3 Rxc3+ 30. Ka4 Qb5# 0-1

[Event "AUTO-OPEN-155"]
[Site "http://www.queenalice.com/game.php?id=31778"]
[Date "2005.10.5"]
[Round "1"]
[White "Kritikos"]
[Black "McXas"]
[Result "1-0"]
[WhiteElo "1464"]
[BlackElo "1052"]

1. d4 e6 2. c4 Bb4+ 3. Bd2 Nc6 4. Nf3 Nf6 5. Bxb4 Nxb4 6. Nc3 Ng4 7. e4 Qf6 8.
h3 Nh6 9. Qb3 a5 10. e5 Qf5 11. Nb5 Qe4+ 12. Be2 Nf5 13. Nxc7+ Kd8 14. Nxa8 h5
15. O-O Qxe2 16. Rae1 Qxe1 17. Rxe1 Rh6 18. Ng5 f6 19. Nf7+ Ke7 20. Nxh6 Nxh6
21. Nb6 Kd8 22. Nxc8 Kxc8 23. exf6 gxf6 24. d5 exd5 25. cxd5 Nf5 26. Re8+ Kc7
27. a3 Na6 28. Qc3+ Kd6 29. Qxf6+ Kxd5 30. Qxf5+ Kd6 31. Qxa5 h4 32. Qb6+ Kd5
33. Qxb7+ Kc4 34. Qxa6+ Kb3 35. Rb8+ Kc2 36. b4 d5 37. Qd6 d4 38. Qxd4 Kb3 39.
Rc8 Kxa3 40. b5 Kb3 41. b6 Ka3 42. b7 Kb3 43. b8=Q+ Ka3 44. Qda7# 1-0

[Event "AUTO-BEG-07"]
[Site "http://www.queenalice.com/game.php?id=32539"]
[Date "2005.10.11"]
[Round "1"]
[White "McXas"]
[Black "claudiofer"]
[Result "0-1"]
[WhiteElo "1050"]
[BlackElo "1574"]

1. e4 e5 2. Nc3 Nf6 3. Nf3 Nc6 4. Bb5 Ng4 5. h3 Nf6 6. Nh4 a6 7. Bc4 d5 8. Bb3
d4 9. Ne2 Nxe4 10. d3 Nc5 11. Ng3 g6 12. Ne4 Qxh4 13. g3 Qe7 14. Bd2 f5 15. Nxc5
Qxc5 16. c4 e4 17. dxe4 fxe4 18. O-O Bxh3 19. Re1 Qe5 20. Bf4 Qf6 21. Rxe4+ Be7
22. f3 g5 23. Bc1 O-O-O 24. Ba4 Bc5 25. b3 d3+ 26. Kh2 Qxa1 27. Kxh3 Qxa2 28.
Bxg5 Rd7 29. b4 Bxb4 30. c5 b5 31. Bb3 Qb2 32. Be6 h6 33. Bf4 Rh7 34. Qxd3 Nb8
35. Bxd7+ Rxd7 36. Bd6 cxd6 37. cxd6 Rxd6 38. Qe3 Nc6 39. Re8+ Rd8 40. f4 Rxe8
41. Qxe8+ Nd8 42. f5 Qf6 43. g4 Qc3+ 44. Kh4 Qf6+ 45. Kh5 Qg5# 0-1

[Event "AUTO-BEG-07"]
[Site "http://www.queenalice.com/game.php?id=32540"]
[Date "2005.10.11"]
[Round "1"]
[White "claudiofer"]
[Black "McXas"]
[Result "1-0"]
[WhiteElo "1581"]
[BlackElo "1054"]

1. e3 e5 2. Bc4 d5 3. Bb5+ c6 4. Ba4 b5 5. Bb3 Nf6 6. Nf3 Bg4 7. h3 Bf5 8. Nxe5
Ne4 9. Qf3 g6 10. Qf4 Bb4 11. c3 Ba5 12. d3 Nf6 13. O-O Nh5 14. Qd4 Na6 15. Nxc6
Qd6 16. Qxh8+ Kd7 17. Qxa8 Bxd3 18. Qxa7+ Kxc6 19. Qxa6+ Kd7 20. Qxd6+ Kxd6 21.
Rd1 Be4 22. Na3 b4 23. f3 Bf5 24. Rxd5+ Kc6 25. Rxa5 Ng3 26. cxb4 Ne2+ 27. Kf2
Bd3 28. Rd5 f5 29. Rxd3 h5 30. Kxe2 g5 31. e4 f4 32. Rd5 h4 33. Rxg5 Kd6 34.
Bxf4+ Kc6 35. Rc1+ Kb6 36. Rcc5 Ka6 37. Rg6+ Kb7 38. Rh5 Kc8 39. Rh7 Kd8 40.
Rg8# 1-0

[Event "Challenge"]
[Site "http://www.queenalice.com/game.php?id=42636"]
[Date "2005.12.9"]
[Round "-"]
[White "cafa83"]
[Black "McXas"]
[Result "1-0"]
[WhiteElo "1535"]
[BlackElo "1065"]

1. e4 e5 2. b3 Nf6 3. d3 Nc6 4. Nc3 d6 5. Be3 Nb4 6. d4 Qe7 7. a3 Nc6 8. dxe5
dxe5 9. Nd5 Nxd5 10. exd5 Na5 11. b4 Bf5 12. Qe2 Rd8 13. Qb5+ Rd7 14. Qxa5 b6
15. Qxa7 Qd8 16. Bb5 c6 17. Bxb6 cxb5 18. Qa5 Qg5 19. Qxb5 Bxc2 20. Ba5 e4 21.
Nh3 Qxd5 22. Qb8+ Rd8 23. Bxd8 Qxd8 24. Qb5+ Qd7 25. Qa6 Bd3 26. Qa8+ Qd8 27.
Qc6+ Qd7 28. Qb6 f5 29. Rd1 Qd6 30. Qe3 Be7 31. Nf4 Qa6 32. Nxd3 exd3 33. O-O g6
34. Rde1 d2 35. Rd1 Qd6 36. Rxd2 Qc7 37. Re1 f4 38. Qd4 O-O 39. f3 h5 40. Rde2
Bh4 41. Rd1 Qb7 42. Qd6 1-0

[Event "AUTO-OPEN-212"]
[Site "http://www.queenalice.com/game.php?id=50113"]
[Date "2006.1.30"]
[Round "1"]
[White "McXas"]
[Black "KyoteeSun"]
[Result "0-1"]
[WhiteElo "1063"]
[BlackElo "1460"]

1. Nc3 e5 2. Nf3 Qf6 3. h4 h6 4. g3 c6 5. Ne4 Qf5 6. d3 d5 7. Nc5 Bxc5 8. e4
dxe4 9. dxe4 Qxe4+ 10. Be2 Nf6 11. c3 Bg4 12. Qd3 O-O 0-1

[Event "AUTO-OPEN-212"]
[Site "http://www.queenalice.com/game.php?id=50114"]
[Date "2006.1.30"]
[Round "1"]
[White "KyoteeSun"]
[Black "McXas"]
[Result "1-0"]
[WhiteElo "1462"]
[BlackElo "1061"]

1. e4 Nf6 2. Qf3 Nc6 3. e5 Ng8 4. c3 Nxe5 5. Qe4 d6 6. f4 Nf6 7. Qe3 Neg4 8. Qf3
c5 9. h3 Nh6 10. d4 c4 11. Bxc4 Bf5 12. Bb5+ Nd7 13. Qxb7 1-0